000
00255nam a22001217a 4500
008
180104b xxu||||| |||| 00| 0 eng d
041
_a
eng
080
_a
91
100
_a
16
101
_a
HIS
245
_a
THE THIRD WAY
_c
CECIL.A.R
942
_2
udc
_c
BK
999
_c
39710
_d
39710